000 00267nam a22001097a 4500
008 170117b xxu||||| |||| 00| 0 eng d
020 _a9781933107523
041 _aeng
080 _27TH
_a618.2
245 _aADULT MEDICAL-SURGICAL NURSING
_cRICHARDS, T
942 _2udc
_cBK
999 _c2983
_d2983